Development of Financial Markets in Central Europe : The Case of the CE4 Countries /

Financial markets in the CE4 countries are still shallow compared to other advanced EU countries. While the government bond markets are comparable in size, measured by capitalization in percent of GDP, the private bond, private credit, and equity markets lag behind. Empirical analysis in this paper...

Celý popis

Podrobná bibliografie
Hlavní autor: Adarov, Amat
Další autoři: Tchaidze, Robert
Médium: Časopis
Jazyk:English
Vydáno: Washington, D.C. : International Monetary Fund, 2011.
Edice:IMF Working Papers; Working Paper ; No. 2011/101
On-line přístup:Full text available on IMF
LEADER 01807cas a2200253 a 4500
001 AALejournalIMF007161
008 230101c9999 xx r poo 0 0eng d
020 |c 5.00 USD 
020 |z 9781455254323 
022 |a 1018-5941 
040 |a BD-DhAAL  |c BD-DhAAL 
100 1 |a Adarov, Amat. 
245 1 0 |a Development of Financial Markets in Central Europe :   |b The Case of the CE4 Countries /  |c Amat Adarov, Robert Tchaidze. 
264 1 |a Washington, D.C. :  |b International Monetary Fund,  |c 2011. 
300 |a 1 online resource (33 pages) 
490 1 |a IMF Working Papers 
500 |a <strong>Off-Campus Access:</strong> No User ID or Password Required 
500 |a <strong>On-Campus Access:</strong> No User ID or Password Required 
506 |a Electronic access restricted to authorized BRAC University faculty, staff and students 
520 3 |a Financial markets in the CE4 countries are still shallow compared to other advanced EU countries. While the government bond markets are comparable in size, measured by capitalization in percent of GDP, the private bond, private credit, and equity markets lag behind. Empirical analysis in this paper helps identify factors that explain this phenomenon. We find that the observed differences cannot be explained by macroeconomic variables only, but incorporating indicators of institutional development and external funding eliminates the gap in the case of the equity and private credit markets. However, for the private bond market a significant gap remains even after accounting for these factors. 
538 |a Mode of access: Internet 
700 1 |a Tchaidze, Robert. 
830 0 |a IMF Working Papers; Working Paper ;  |v No. 2011/101 
856 4 0 |z Full text available on IMF  |u http://elibrary.imf.org/view/journals/001/2011/101/001.2011.issue-101-en.xml  |z IMF e-Library